| 000 | 00553nam a2200181Ia 4500 | ||
|---|---|---|---|
| 008 | 151202s9999||||xx |||||||||||||| ||und|| | ||
| 082 | _bPNVM-30246 | ||
| 100 | _aजोशी वामन. | ||
| 245 | _aआश्रमहरिणी. | ||
| 260 | _b"पद्मगंाा प्रकाशन,पुणे." | ||
| 260 | _c2004 | ||
| 300 | _a112 | ||
| 600 | _aजोशी वामन. | ||
| 630 | _aआश्रमहरिणी. | ||
| 700 | _aजोशी वामन. | ||
| 730 | _aआश्रमहरिणी. | ||
| 942 | _cBOOK | ||
| 999 |
_c1296209 _d1296206 |
||